01576cam a22003015a 45000010009000000050017000090080041000260200018000670400035000850820020001201000019001402450082001592500012002412600042002533000034002955000053003295000029003825000026004115040041004375050345004786500029008236530024008527000028008767760187009049420008010919990017010999520158011161811885920161016150923.0140415s2014 enka frbd 001 0 eng d a9781118553978 aOU/DLCbengcOUdDLCdEG-ScBUE04a302.23222bOTT1 aOtt, Brian L.,10aCritical media studies :ban introduction /cBrian L. Ott and Robert L. Mack. a2nd ed. aChichester :bWiley Blackwell,c2014. avii, 392 p. :bill. ;c25 cm. aPrevious edition: Oxford: Wiley-Blackwell, 2010. aGlossary : p. [375]-381. aIndex : p. [382]-392. aIncludes bibliographical references.0 aIntroducing critical media studies -- Marxist analysis -- Organizational analysis -- Pragmatic analysis -- Rhetorical analysis -- Cultural analysis -- Psychoanalytic analysis -- Feminist analysis -- Queer analysis -- Reception analysis -- Sociological analysis -- Erotic analysis -- Ecological analysis -- Conclusion: The partial pachyderm. 7aMass media.2BUEsh99699 bCOMAMEcOctober20161 aMack, Robert L.,d1985-08iOnline version:aOtt, Brian L., author.tCritical media studiesbFourth edition.dChichester, West Sussex ; Malden, MA : John Wiley & Sons Inc., 2014z9781118554036w(DLC) 2014015632 2ddc c22618d22590 00102ddc40708AcademicaMAINbMAINc1STd2016-10-16ePurchaseg540.00h9131l3m36o302.23 OTTp000034133r2025-07-15 00:00:00s2019-10-14v675.00yBB